000 00762nam a2200217 a 4500
001 000019139
005 20200929165931.0
008 100527s1944 ag 000 0 spa d
040 _aDO-SdBNP
_bspa
_cBNPHU
082 _a850.9
_bS212h
100 1 _aSanctis, Francisco de
_941176
245 1 0 _aHistoria de la literatura italiana /
_cFrancisco de Sanctis ; traducción Ambrocio J. Vecino.
260 _aBuenos Aires :
_bAmericalee,
_c1944.
300 _a705 p. ;
_c24 cm.
500 _aIncluye notas al pie de la páginas.
650 4 _aLiteratura italiana
_xHistoria y crítica
_939820
650 4 _aLiteratura moderna
_xHistoria y crítica
_910738
650 4 _aCrítica literaria
_zItalia
_941177
700 1 _aVecino, Ambrocio J.
_etr.
_941178
049 _aBNGR
999 _c18657
_d18657